000 02470nam a2200253 4500
003 vecauma
005 20260414204442.0
007 ta
008 260414b ve ||||| |||| 00| 0 spa d
020 _a9789802173655
040 _avecauma
_bspa
_cvecauma
_dvecauma
_erda
041 _aspa
100 1 _eautor
245 1 _aGestión en rojo
_bEvaluación de desempeño de 16 empresas estatales y resultados generales del modelo productivo socialista
_c/ Richard K. Obuchi M.
264 _aCaracas, Venezuela:
_bEdiciones IESA;
_c2011.
300 _a205 páginas.
336 _atexto
_btxt
_2rdacontenido
337 _ano mediado
_bn
_2rdamedio
338 _avolumen
_bnc
_2rdasoporte
505 0 _aIntroducción / Los objetivos: El control de la producción / Los medios: Las empresas en manos del Estado / Los resultados: Casos / Resultados: Tendencias generales / Comentario final / Bibliografía /
520 3 _aLa participación-directa e indirecta del gobierno nacional en las actividades económicas ha sido una constante en las políticas públicas venezolanas. No obstante, las estrategias que se han adoptado en la segunda parte de la administración del presidente Chávez son un claro cambio de paradigma-en términos de dirección y magnitud- en cuanto al rol social, político y económico de intervención pública en las actividades de producción. En aras de entender el funcionamiento actual del modelo de gestión, se investigaron 16 compañías que han sido intervenidas, absorbidas o creadas por el gobierno nacional en diversos sectores productivos a lo largo de los últimos 10 años, y que actualmente se conocen como: Inveval, Invepal, Central Azucarera Sucre, Central Azucarera Trujillo, UPS Pedraza, Planta Procesadora de Cítricos Roberto Bastardo, Rialca, Planta Procesadora de Arroz Cristal, Fama de América. Galpones de Cervecería Polar y Pepsi Cola Venezuela en la Zona Industrial I de Barquisimeto, Enlandes, La Caicareña, CVA Leander Barinas, Venirauto, EPS Juana Ramírez, La Avanzadora (procesadora de harina de maíz) y UPS Juana Ramírez, La Avanzadora (empaquetadora de granos). Tanto los resultados de las empresas públicas estudiadas -como el comportamiento general de la economía-reflejan una divergencia entre los objetivos propuestos para la intervención del gobierno en las actividades productivas y los resultados de dichas medidas.
942 1 _2lcc
_n0
_cBK
999 _c13371
_d13371